| 000 | 00835cam a2200229 a 4500 | ||
|---|---|---|---|
| 001 | 000007302 | ||
| 005 | 20200929154127.0 | ||
| 008 | 020304s2002 pr a b 001 0bspa | ||
| 020 | _a1563282038 | ||
| 040 |
_aDO-SdBNP _cPBR _dPL# _dPBR _dNOC _dDLC |
||
| 082 |
_a920 _bH557r |
||
| 100 | 1 |
_aHernández, Carmen Dolores, _d1942- _920278 |
|
| 245 | 1 | 0 |
_aRicardo Alegría : _buna vida / _cCarmen Dolores Hernández. |
| 260 |
_aSan Juan, Puerto Rico : _bPlaza Mayor, _c2002. |
||
| 300 |
_axxv, 571 p. : _bil. ; _c24 cm. |
||
| 490 | 1 | _aBiblioteca de autores de Puerto Rico | |
| 504 | _aIncluye referencias bibliográficas (p. 531-560). | ||
| 600 | 1 | 0 |
_aALEGRIA, RICARDO E. _d1921- _vBIOGRAFÍA _920279 |
| 650 | 4 |
_aArqueologia _zPuerto Rico _920280 |
|
| 830 | 0 |
_aBiblioteca de autores de Puerto Rico ; _99722 |
|
| 910 | _aCatalogación por copia / LC | ||
| 999 |
_c7083 _d7083 |
||